00367nam a2200097Ia 4500008004100000041000800041100004700049245008100096260005000177650004200227191203s9999 xx 000 0 und d aeng aGardi Arachchige Chamini Dineshika Perera 0aMolecular Docking of coumarin Derivatives to B cell- Attracting Chemokine 1 aInstitiute of Chemistri CeylonbColomboc2019 a"Seminar Reports ,Dissertations,2019"